000
00254 a2200097 4500
001
15167
100
_a
Miller D
245
_a
the fundamental principles practice of technical drawing
260
_a
London
_b
The grant educational
_c
090
_c
11911
_d
11911
942
_a
NUST-CAE
_c
M
_c
2127
999
_c
250240
_d
250240